| 000 | 00593nam a2200205Ia 4500 | ||
|---|---|---|---|
| 003 | BUBTL | ||
| 008 | 151213s9999 xx 000 0 und d | ||
| 082 | _a341.0263/D2291p | ||
| 100 |
_aDas, Dr. Hari Hara _94012 |
||
| 245 |
_aPrinciples of International Law and Organization _cDr. Hari Hara Das |
||
| 250 | _a1st | ||
| 260 |
_aNew Delhi _bVicas Publishing Housre Pvt . Ltd. _cc1995 |
||
| 300 |
_a293p . : _b22cm. |
||
| 650 |
_aLaw _94013 |
||
| 650 |
_aLaw _94013 |
||
| 700 |
_aDr. Hari Hara Das _94014 |
||
| 856 |
_k0 _l0 _yDownload |
||
| 942 |
_2ddc _cBK |
||
| 999 |
_c3177 _d3177 |
||